Educational costing statistics India: 1949 (Record no. 494464)

000 -LEADER
fixed length control field 00389cam a22001097a 4500
008 - FIXED-LENGTH DATA ELEMENTS--GENERAL INFORMATION
fixed length control field 180718b1951 xxu||||| |||| 00| 0 eng d
082 ## - DEWEY DECIMAL CLASSIFICATION NUMBER
Classification number P065x54 1949
245 ## - TITLE STATEMENT
Title Educational costing statistics India: 1949
Statement of responsibility, etc. by Bureau of Education, Ministry of Education
260 ## - PUBLICATION, DISTRIBUTION, ETC.
Place of publication, distribution, etc. Delhi
Name of publisher, distributor, etc. The Manager of Publications
Date of publication, distribution, etc. 1951
300 ## - PHYSICAL DESCRIPTION
Extent 124p.
700 ## - ADDED ENTRY--PERSONAL NAME
Personal name India. Ministry of Education. Bureau of Education
Holdings
Withdrawn status Lost status Damaged status Not for loan Permanent Location Current Location Date acquired Full call number Barcode Date last seen Price effective from Koha item type
        Indian Institute of Public Administration Indian Institute of Public Administration 2018-08-04 P065x54 1949 GR2714 2018-08-04 2018-08-04 GR

Powered by Koha